00477nam a2200193 a 4500001001300000003000900013005001700022008004100039020000800080082001700088100001900105245001700124260003700141300000900178500003500187505002200222650002000244700001900264nice12345678IN_TiNIC20260116011747.0050524s1967 alia grp 000 0 urd  ac900a891.41bKHA1 aKhan, M Habeeb aAfkaar-E-Mir aAligarhbIndian Book Housec1967 a432p aincludes index and biblioraphy2 aVarious Documents aUrdu-Poetry-mir1 aKhan, M Habeeb